000 00731nam a2200241Ia 4500
003 OSt
005 20220925214644.0
006 a|||||r|||| 00| 0
007 ta
008 220923b |||||||| |||| 00| 0 eng d
037 _cGeneral Book
040 _aRTL
_cRTL
_beng
041 _2eng
_aeng
082 _aXM8,9(F555):54.1.N8, M6
100 _aMikdashi Zuhayr
_9130538
245 0 _aTransnational oil
_b Issues, Policies and perspectiv
260 _aLondon
_bFrances Pinter
_c1986
300 _aix, 184p
_ccm.
490 _aStudies in International Political Economy
650 _aMultinational
942 _hXM8,9(F555):54.1.N8, M6
_cGB
_2CC
999 _c566147
_d566147